[Event "German Bundesliga 2021-22"]
[Site "Germany"]
[Date "2022.04.09"]
[Round "3.3"]
[White "Edouard, Romain"]
[Black "Nestorovic, Nikola"]
[Result "0-1"]
[WhiteElo "2591"]
[BlackElo "2456"]
[Annotator "RC"]
[PlyCount "138"]
[EventDate "2022.03.05"]
[EventType "team-tourn"]
[EventCountry "GER"]
[SourceTitle "playchess.com"]
[Source "ChessBase"]
[SourceQuality "1"]
[TimeControl "40/5400+30:1800+30"]

1. c4 {[%emt 0:00:00]} e5 {[%emt 0:00:00]} 2. Nc3 {[%emt 0:00:00]} Nc6 {[%emt 0:00:00]} 3. Nf3 {[%emt 0:00:00]} Nf6 {[%emt 0:00:00]} 4. e3 {[%emt 0:00:00]} g6 {[%emt 0:00:00]} 5. d4 {[%emt 0:00:00]} d6 {[%emt 0:00:00]} 6. dxe5 {[%emt 0:00:00]} Nxe5 {[%emt 0:00:00]} 7. Nxe5 {[%emt 0:00:02]} dxe5 {[%emt 0:00:00]} 8. Qxd8+ {[%emt 0:00:03]} Kxd8 {[%emt 0:00:00]} 9. b3 {[%emt 0:00:03]} Bd6 {[%emt 0:20:14]} 10. Bb2 {[%emt 0:00:23]} Bd7 {[%emt 0:08:33]} 11. O-O-O {[%emt 0:00:35]} Kc8 {[%emt 0:04:32]} 12. Be2 {[%emt 0:02:02]} Re8 {[%emt 0:03:21]} 13. h3 {[%emt 0:04:40]} Bc6 {[%emt 0:02:48]} 14. Bf3 {[%emt 0:01:18]} Bxf3 {[%emt 0:01:20]} 15. gxf3 {[%emt 0:00:02]} a6 {[%emt 0:04:47]} 16. h4 {[%emt 0:03:02]} b6 {[%emt 0:02:08]} 17. Ne4 {[%emt 0:01:33]} Nxe4 {[%emt 0:00:12]} 18. fxe4 {[%emt 0:00:02]} h5 {[%emt 0:02:47]} 19. Rh3 {[%emt 0:00:32]} Kd7 {[%emt 0:05:39]} 20. f4 {[%emt 0:03:57]} Kc6 {[%emt 0:01:28]} 21. f5 {[%emt 0:00:59]} gxf5 {[%emt 0:01:32]} 22. exf5 {[%emt 0:00:03]} Rg8 {[%emt 0:00:25]} 23. f6 {[%emt 0:00:31]} Rg4 {[%emt 0:04:26]} 24. Rhh1 {[%emt 0:02:37]} b5 {[%emt 0:05:41]} 25. cxb5+ {[%emt 0:00:13]} axb5 {[%emt 0:00:05]} 26. Kb1 {[%emt 0:00:05]} b4 {[%emt 0:03:14]} 27. Rdf1 {[%emt 0:02:17]} Kd5 {[%emt 0:01:28]} 28. Rf5 {[%emt 0:00:16]} Rh8 {[%emt 0:00:06]} 29. Bc1 {[%emt 0:14:52]} Ke6 {[%emt 0:08:24]} 30. e4 {[%emt 0:00:06]} Rxe4 {[%emt 0:00:21]} 31. Rf2 {[%emt 0:00:02]} Rg4 {[%emt 0:04:26]} 32. Bg5 {[%emt 0:00:06]} Ra8 {[%emt 0:01:17]} 33. Re2 {[%emt 0:01:15]} Ra5 {[%emt 0:01:07]} 34. Rc1 {[%emt 0:03:26]} Rc5 {[%emt 0:02:19]} 35. Rd1 {[%emt 0:02:46]} Rc3 {[%emt 0:01:36]} 36. Kb2 {[%emt 0:02:03]} Rcg3 {[%emt 0:01:25]} 37. Rdd2 {[%emt 0:01:05]} Rf3 {[%emt 0:03:39]} 38. Rc2 {[%emt 0:00:48]} Kd5 {[%emt 0:02:35]} 39. Red2+ {[%emt 0:00:33]} Rd4 {[%emt 0:00:46]} 40. Re2 {[%emt 0:01:52]} Rf1 {[%emt 0:03:55]} 41. Rc1 {[%emt 0:31:18]} Rf3 {[%emt 0:32:33]} 42. Rg1 {[%emt 0:01:33]} e4 {[%emt 0:00:00]} 43. Kb1 {[%emt 0:00:00]} Be5 {[%emt 0:00:00]} 44. Kc2 {[%emt 0:00:00]} Bg3 {[%emt 0:00:00]} 45. Bd2 {[%emt 0:00:00]} Rf2 {[%emt 0:00:00]} 46. Rg2 {[%emt 0:00:00]} Rxe2 {[%emt 0:00:00]} 47. Rxe2 {[%emt 0:00:00]} Bxh4 {[%emt 0:00:00]} 48. Rh2 {[%emt 0:00:00]} Bxf6 {[%emt 0:00:00]} 49. Rxh5+ {[%emt 0:00:00]} Ke6 {[%emt 0:00:00]} 50. Rh6 {[%emt 0:00:00]} Kf5 {[%emt 0:00:00]} 51. Rh5+ {[%emt 0:00:00]} Kg6 {[%emt 0:00:00]} 52. Rh6+ {[%emt 0:00:00]} Kg7 {[%emt 0:00:00]} 53. Rh5 {[%emt 0:00:00]} Be7 {[%emt 0:00:00]} 54. Bc1 {[%emt 0:00:00]} Kg6 {[%emt 0:00:00]} 55. Rh6+ {[%emt 0:00:00]} Kf5 {[%emt 0:00:00]} 56. Rh5+ {[%emt 0:00:00]} Ke6 {[%emt 0:00:00]} 57. Rh6+ {[%emt 0:00:00]} f6 {[%emt 0:00:00]} 58. Rh4 {[%emt 0:00:00]} f5 {[%emt 0:00:00]} 59. Rh6+ {[%emt 0:00:00]} Kd7 {[%emt 0:00:00]} 60. Rh7 {[%emt 0:00:00]} Ke6 {[%emt 0:00:39]} 61. Rh6+ {[%emt 0:00:00]} Ke5 {[%emt 0:01:28]} 62. Bb2 {[%emt 0:00:00]} c5 {[%emt 0:00:01]} 63. Ra6 {[%emt 0:00:00]} f4 {[%emt 0:01:05]} 64. a4 {[%emt 0:00:00]} bxa3 {[%emt 0:06:07]} 65. Rxa3 {[%emt 0:00:00]} f3 {[%emt 0:00:31]} 66. Ra7 {[%emt 0:00:00]} Ke6 {[%emt 0:00:51]} 67. Bxd4 {[%emt 0:00:00]} cxd4 {[%emt 0:00:03]} 68. Ra5 {[%emt 0:00:00]} d3+ {[%emt 0:01:16]} 69. Kc3 {[%emt 0:00:00]} f2 {[%emt 0:00:09]} 0-1

[Event "German Bundesliga 2021-22"]
[Site "Germany"]
[Date "2022.04.09"]
[Round "3.4"]
[White "Rozentalis, Eduardas"]
[Black "Nyback, Tomi"]
[Result "1/2-1/2"]
[WhiteElo "2542"]
[BlackElo "2573"]
[Annotator "TA"]
[PlyCount "150"]
[EventDate "2022.03.05"]
[EventType "team-tourn"]
[EventCountry "GER"]
[SourceTitle "playchess.com"]
[Source "ChessBase"]
[SourceQuality "1"]
[TimeControl "40/5400+30:1800+30"]

{[%evp 42,150,-8,-14,14,10,18,16,22,0,34,0,0,0,0,0,0,0,12,8,16,8,13,12,13,-30,-23,-19,0,-30,0,-21,-15,-20,-16,-20,-21,-27,-24,-25,-21,-29,17,13,30,0,0,0,0,-47,-39,-54,-49,-41,0,-75,-11,-11,0,0,0,-3,-14,-39,-35,-49,-49,-51,-41,-45,-37,-38,0,0,0,-35,-35,-35,-35,-36,-36,-38,-8,-8,-1,-8,-8,-8,-8,-8,-8,-8,0,0,0,0,0,0,0,0,0,0,0,0,0,0,0,0,0,0,0]} 1. e4 {[%emt 0:00:00]} e5 {[%emt 0:00:00]} 2. Nf3 {[%emt 0:00:00]} Nc6 {[%emt 0:00:00]} 3. Bc4 {[%emt 0:00:00]} Bc5 {[%emt 0:00:00]} 4. c3 {[%emt 0:00:00]} Nf6 {[%emt 0:00:00]} 5. d3 {[%emt 0:00:00]} d6 {[%emt 0:00:00]} 6. O-O {[%emt 0:00:00]} h6 {[%emt 0:00:00]} 7. Re1 {[%emt 0:00:00]} O-O {[%emt 0:00:00]} 8. Nbd2 {[%emt 0:00:00]} Ng4 {[%emt 0:28:45]} 9. Re2 {[%emt 0:00:00]} Kh8 {[%emt 0:11:30]} 10. Nb3 {[%emt 0:19:09]} Bb6 {[%emt 0:01:17]} 11. h3 {[%emt 0:20:51]} Nf6 {[%emt 0:10:07]} 12. a4 {[%emt 0:00:53]} a5 {[%emt 0:02:52]} 13. Bd2 {[%emt 0:02:39]} Nh5 {[%emt 0:03:53]} 14. d4 {[%emt 0:04:34]} Qf6 {[%emt 0:09:14]} 15. Re1 {[%emt 0:05:42]} Nf4 {[%emt 0:01:06]} 16. Be3 {[%emt 0:01:53]} g5 {[%emt 0:02:22]} 17. Nh2 {[%emt 0:04:22]} Qg6 {[%emt 0:02:24]} 18. Bf1 {[%emt 0:05:13]} f5 {[%emt 0:05:29]} 19. d5 {[%emt 0:10:34]} Ne7 {[%emt 0:01:48]} 20. Bxb6 {[%emt 0:00:53]} cxb6 {[%emt 0:00:06]} 21. exf5 {[%emt 0:02:35]} Bxf5 {[%emt 0:02:26]} 22. Nd4 $1 {[%emt 0:00:22]} Nfxd5 {[%emt 0:04:31]} ({Don't take} 22... Nexd5 23. Nxf5 Rxf5 24. g3 $14) 23. Nxf5 {[%emt 0:02:42]} Qxf5 {[%emt 0:00:09]} ({Don't play} 23... Rxf5 24. Bd3 Nf4 25. Bxf5 Nxf5 26. g3 $16) 24. Qd2 {[%emt 0:00:49]} Rad8 {[%emt 0:00:50]} 25. Rad1 {[%emt 0:01:30]} Nf6 {[%emt 0:03:29]} 26. Qe3 {[%emt 0:03:03]} (26. Bd3 $5 {[%cal Rd3f5]} Qf4 27. Qxf4 gxf4 28. Nf3 $11) 26... Ned5 {[%emt 0:01:47]} 27. Qd2 {[%emt 0:00:09]} Nf4 {[%emt 0:01:38]} 28. Qe3 {[%emt 0:00:40]} N4d5 {[%emt 0:05:35]} 29. Qd2 {[%emt 0:00:08]} Kg7 {[%emt 0:01:42]} 30. g3 {[%emt 0:01:46]} Ne7 {[%emt 0:01:03]} 31. Bg2 {[%emt 0:03:04]} Qd7 {[%emt 0:00:20]} 32. Qc2 {[%emt 0:01:31]} Qc7 {[%emt 0:00:16]} 33. Nf1 {[%emt 0:00:33]} d5 {[%emt 0:00:45]} 34. Ne3 {[%emt 0:00:22]} e4 {[%emt 0:00:20]} 35. Rd2 {[%emt 0:00:45]} h5 {[%emt 0:01:04]} 36. Red1 {[%emt 0:01:43]} Qc5 {[%emt 0:00:22]} 37. Qb3 {[%emt 0:02:52]} Rd6 {[%emt 0:01:07]} 38. Rd4 {[%emt 0:01:16]} Kh8 {[%emt 0:00:25]} 39. Qb5 {[%emt 0:06:04]} Nc6 {[%emt 0:00:30]} 40. R4d2 {[%emt 0:00:11]} Ne5 {[%emt 0:00:40]} 41. Qe2 {[%emt 0:00:00]} Nd3 {[%emt 0:08:20]} (41... Rfd8 $142) 42. Nf5 $11 {[%emt 0:00:00]} Rdd8 {[%emt 0:00:23]} 43. Nd4 {[%emt 0:00:00]} (43. Rxd3 $5 exd3 44. Rxd3 $11) 43... Rde8 {[%emt 0:00:50]} 44. Qe3 {[%emt 0:00:00]} Nh7 {[%emt 0:00:58]} 45. Nf5 {[%emt 0:08:02]} (45. Rxd3 $11 exd3 46. Qxd3) 45... Rxf5 $15 {[%emt 0:10:21]} 46. Rxd3 {[%emt 0:00:16]} Nf6 {[%emt 0:00:28]} ({But not} 46... exd3 47. Qxe8+ Kg7 48. Qe1 $16) 47. Rd4 {[%emt 0:01:38]} Kg7 {[%emt 0:01:39]} 48. R1d2 {[%emt 0:04:11]} (48. Rc1 $11 {remains equal.}) 48... Re7 {[%emt 0:01:00]} (48... b5 $17) 49. c4 $11 {[%emt 0:01:52]} dxc4 {[%emt 0:01:10]} 50. Qc3 {[%emt 0:00:04]} e3 {[%emt 0:04:13]} 51. fxe3 {[%emt 0:00:03]} Rfe5 {[%emt 0:00:46]} 52. Rxc4 {[%emt 0:04:59]} Qxe3+ {[%emt 0:00:26]} 53. Qxe3 {[%emt 0:03:37]} Rxe3 {[%emt 0:00:06]} 54. Kh2 {[%emt 0:00:11]} Ne4 {[%emt 0:03:32]} 55. Rd5 $1 {[%emt 0:03:26]} Re2 {[%emt 0:01:06]} 56. Kg1 {[%emt 0:00:22]} Re1+ {[%emt 0:01:57]} 57. Kh2 {[%emt 0:00:09]} Re2 {[%emt 0:00:16]} 58. Kg1 {[%emt 0:00:02]} Kf6 {[%emt 0:01:11]} 59. Rb5 {[%emt 0:02:24]} Nxg3 {[%emt 0:00:35]} 60. Rxb6+ {[%emt 0:00:15]} R7e6 {[%emt 0:00:31]} 61. Rxe6+ {[%emt 0:01:08]} Rxe6 {[%emt 0:00:21]} 62. Bxb7 {[%emt 0:00:46]} Rb6 {[%emt 0:00:43]} 63. Rc6+ {[%emt 0:00:54]} Rxc6 {[%emt 0:00:13]} 64. Bxc6 {[%emt 0:00:04]} Ke5 {[%emt 0:00:24]} 65. Kg2 {[%emt 0:03:27]} Nf5 {[%emt 0:00:23]} 66. Be8 {[%emt 0:00:15]} g4 {[%emt 0:01:06]} 67. Bxh5 {[%emt 0:01:27]} gxh3+ {[%emt 0:00:05]} 68. Kxh3 {[%emt 0:00:08]} Kd4 {[%emt 0:00:28]} 69. Kg2 {[%emt 0:00:45]} Ne3+ {[%emt 0:00:27]} 70. Kf2 {[%emt 0:00:47]} Nc4 {[%emt 0:00:06]} 71. b3 {[%emt 0:00:17]} Nd2 {[%emt 0:00:11]} 72. Bf7 {[%emt 0:00:10]} Kc3 {[%emt 0:00:06]} 73. Ke2 {[%emt 0:00:06]} Nxb3 {[%emt 0:00:05]} 74. Bxb3 {[%emt 0:00:07]} Kxb3 {[%emt 0:00:06]} 75. Kd2 {[%emt 0:00:08]} Kxa4 {[%emt 0:00:14]} 1/2-1/2

[Event "German Bundesliga 2021-22"]
[Site "Germany"]
[Date "2022.04.09"]
[Round "3.4"]
[White "Horvath, Dominik"]
[Black "Van Wely, Loek"]
[Result "0-1"]
[WhiteElo "2483"]
[BlackElo "2612"]
[Annotator "TA"]
[PlyCount "106"]
[EventDate "2022.03.05"]
[EventType "team-tourn"]
[EventCountry "GER"]
[SourceTitle "playchess.com"]
[Source "ChessBase"]
[SourceQuality "1"]
[TimeControl "40/5400+30:1800+30"]

{[%evp 14,106,10,11,55,7,15,7,6,0,13,-2,27,28,20,8,-6,-23,-18,-41,-18,-46,-25,-27,-20,-26,-15,-21,0,0,0,0,0,0,0,0,0,0,0,-11,-12,-371,-378,-379,-122,-108,-114,-120,-110,-135,-48,-61,-54,-59,-47,-61,-39,-127,-129,-141,-154,-152,-154,-135,-135,-130,-18,-23,0,-119,-32,-720,-703,-689,-680,-7424,-7264,-6858,-6710,-6564,-6557,-6535,-6466,-6411,-5410,-29986,-643,-637,-613,-594,-577,-542,-525,-29983,-29984]} 1. e4 {[%emt 0:00:00]} d6 {[%emt 0:00:00]} 2. d4 {[%emt 0:00:00]} Nf6 {[%emt 0:00:00]} 3. Nc3 {[%emt 0:00:00]} g6 {[%emt 0:00:00]} 4. Be3 {[%emt 0:00:00]} Bg7 {[%emt 0:00:00]} 5. f3 {[%emt 0:00:00]} c6 {[%emt 0:00:00]} 6. Qd2 {[%emt 0:00:07]} b5 {[%emt 0:00:00]} 7. Bh6 {[%emt 0:05:19]} Bxh6 {[%emt 0:00:51]} 8. Qxh6 {[%emt 0:00:14]} b4 {[%emt 0:02:34] B07: Pirc Defence: Miscellaneous Systems.} 9. Nd1 {[%emt 0:05:03]} (9. Na4 $1 $14 {is more appropriate.}) 9... Qb6 $11 {[%emt 0:01:59] has lost popularity (9...Qa5).} 10. Qd2 {[%emt 0:09:01]} a5 {[%emt 0:04:00] The position is equal.} 11. Ne3 {[%emt 0:00:13]} Nbd7 {[%emt 0:02:10] [#]} 12. g4 $146 {[%emt 0:02:52]} ({Predecessor:} 12. Bc4 c5 13. c3 Ba6 14. Bxa6 Qxa6 15. Ne2 Rb8 16. O-O O-O 17. Nf4 e6 18. dxc5 dxc5 {1-0 (44) Duong,T (2403)-Hendriks,W (2411) Budapest 2008}) 12... h6 {[%emt 0:09:39]} 13. h4 {[%emt 0:00:49]} c5 {[%emt 0:11:56]} 14. d5 {[%emt 0:07:49]} Ne5 {[%emt 0:02:28]} 15. Nc4 {[%emt 0:09:33]} Nxc4 {[%emt 0:00:39]} 16. Bxc4 {[%emt 0:00:04]} Nd7 {[%emt 0:20:02]} 17. f4 {[%emt 0:10:55]} Nf6 {[%emt 0:01:40][%csl LRe4,LRg4][%cal Bd7f6,Bf6e4,Be4c3][%mdl 32]} 18. g5 {[%emt 0:10:46]} Nxe4 {[%emt 0:08:56]} 19. Qg2 {[%emt 0:03:17]} Bf5 {[%emt 0:01:47] Threatens to win with ...a4.} 20. Ne2 $1 {[%emt 0:07:56] Hoping for Bd3.} (20. Bd3 $2 c4 $1 21. Bxe4 Qe3+ 22. Qe2 Qxe4 23. Qxe4 Bxe4 $19) 20... a4 {[%emt 0:03:43] And now ...Qa5 would win.} (20... b3 $5 21. axb3 a4 $15) 21. Bd3 {[%emt 0:02:37]} a3 $36 {[%emt 0:00:16][%mdl 2048] Black has some pressure.} 22. b3 {[%emt 0:08:04]} Nc3 {[%emt 0:00:16]} 23. Bxf5 {[%emt 0:00:07]} gxf5 {[%emt 0:01:29]} 24. Nxc3 {[%emt 0:00:10]} bxc3 {[%emt 0:00:06]} 25. O-O-O {[%emt 0:05:53] aiming for Qh3.} c4 {[%emt 0:13:00][%cal Bc5c4,Bc4b3,Bb3c2][%mdl 32]} 26. Qf3 {[%emt 0:04:48]} cxb3 {[%emt 0:00:16]} 27. Qxc3 {[%emt 0:00:31][%mdl 8192] [#]} (27. cxb3 $11 {and White is okay.} Rc8 28. Kc2) 27... bxc2 $1 $19 {[%emt 0:01:04] Really sharp!} 28. Rde1 {[%emt 0:05:42]} (28. Qxh8+ $2 {loses.} Kd7 29. Qc3 cxd1=Q+ 30. Rxd1 Rc8 31. Qxc8+ Kxc8 $19) 28... Qb2+ $2 {[%emt 0:06:55]} (28... Qb1+ $19 {and Black stays clearly on top.} 29. Kd2 c1=B+ 30. Rxc1 Qxa2+ 31. Ke3 O-O 32. gxh6 f6) 29. Qxb2 $17 {[%emt 0:00:07]} axb2+ {[%emt 0:00:04][%mdl 64] Discovered Attack} 30. Kxb2 {[%emt 0:00:18][%mdl 4096] Endgame KRR-KRR} Kd7 {[%emt 0:00:45]} 31. Rh3 {[%emt 0:00:11]} Ra7 {[%emt 0:03:21]} ({Black should play} 31... h5 $17 32. Rhe3 Rhb8+ 33. Kxc2 Rxa2+ 34. Kc1 Ra1+ 35. Kc2 Rxe1 36. Rxe1 Rb5) 32. Rhe3 {[%emt 0:01:06]} Rb8+ {[%emt 0:00:49]} 33. Rb3 $1 {[%emt 0:01:07]} Rba8 {[%emt 0:00:13]} 34. a3 {[%emt 0:00:14]} hxg5 {[%emt 0:00:27]} (34... Rc7 $5 {[%cal Rh6g5]}) 35. hxg5 {[%emt 0:01:42]} ({White should try} 35. fxg5 $15 Rc7 36. Kc1) 35... Rc7 {[%emt 0:00:50]} 36. Rc1 {[%emt 0:01:22]} Rac8 $1 {[%emt 0:02:44]} 37. a4 {[%emt 0:00:17]} Rc5 {[%emt 0:00:14]} 38. Rb7+ {[%emt 0:00:43]} Kd8 {[%emt 0:00:21]} 39. Kb3 {[%emt 0:00:32]} Rc3+ {[%emt 0:02:41]} (39... Rxd5 40. Rxc2 Rd3+ 41. Kb2 Rxc2+ 42. Kxc2 $15) (39... R8c7 $1 $17 {[%cal Rc7b7]} 40. Rb8+ (40. Rxc7 $2 Kxc7 41. Kb4 Kb6 $19) 40... Kd7) 40. Kb2 $11 {[%emt 0:00:07]} R3c5 {[%emt 0:00:51]} (40... R3c4 $11) 41. Kb3 $1 $17 {[%emt 0:30:04]} Ke8 {[%emt 0:00:00]} ({Inferior is} 41... Rxd5 42. Rxc2 Rd3+ 43. Kb2 Rxc2+ 44. Kxc2 $15) (41... R8c7 $1 $17 {[%cal Rc7b7]} 42. Rb4 (42. Rxc7 Kxc7 43. Ka3 Kb6 $19) 42... Kd7) 42. Rb5 {[%emt 0:00:00][%mdl 8192] [#]} (42. a5 $15) 42... Rxb5+ $1 $19 {[%emt 0:00:00]} 43. axb5 {[%emt 0:00:00] [#] KR-KR} Rc5 $1 {[%emt 0:00:00][%csl LRb5,LRd5]} 44. Kb4 {[%emt 0:00:00]} Kd7 {[%emt 0:00:00]} 45. Ka5 {[%emt 0:00:00]} Kc7 {[%emt 0:00:00]} 46. Ka6 {[%emt 0:00:00]} Rc3 {[%emt 0:00:19][%cal Rc3a3]} 47. b6+ {[%emt 0:00:00]} Kb8 {[%emt 0:00:05]} 48. b7 {[%emt 0:00:00]} Kc7 {[%emt 0:01:13]} 49. Re1 {[%emt 0:00:00]} Ra3+ {[%emt 0:00:23]} (49... c1=Q $142 50. Rxe7+ Kd8 51. Re8+ Kxe8 52. b8=Q+ Ke7 53. Qb5 Ra3+ 54. Kb7 Qc3 55. Qb6 Rb3 56. Qxb3 Qxb3+ 57. Kc7 Qc4+ 58. Kb6 Qc5+ 59. Ka6 Kd7 60. Kb7 Qb5+ 61. Ka8 Kc7 62. Ka7 Qb7#) 50. Kb5 {[%emt 0:00:00]} Rb3+ {[%emt 0:00:13]} 51. Ka6 {[%emt 0:00:00]} Rb6+ {[%emt 0:00:43]} 52. Ka5 {[%emt 0:00:00]} Rxb7 {[%emt 0:01:43] ( -> ...Rb1)} 53. Rxe7+ {[%emt 0:00:00]} Kc8 {[%emt 0:00:12] Weighted Error Value: White=0.81/Black=0.34} 0-1

[Event "German Bundesliga 2021-22"]
[Site "Germany"]
[Date "2022.04.09"]
[Round "3.4"]
[White "Mueller, Nick"]
[Black "Khenkin, Igor"]
[Result "1/2-1/2"]
[WhiteElo "2375"]
[BlackElo "2509"]
[Annotator "TA"]
[PlyCount "53"]
[EventDate "2022.03.05"]
[EventType "team-tourn"]
[EventCountry "GER"]
[SourceTitle "playchess.com"]
[Source "ChessBase"]
[SourceQuality "1"]
[TimeControl "40/5400+30:1800+30"]

{[%evp 9,53,21,20,0,0,0,0,0,0,-7,-8,-6,-8,-21,-12,-14,-13,-26,-15,-14,0,0,0,0,0,0,39,30,25,27,125,130,130,127,116,120,150,151,159,66,77,41,75,70,70,63]} 1. d4 {[%emt 0:00:00]} d5 {[%emt 0:00:00]} 2. Nf3 {[%emt 0:00:00]} c6 {[%emt 0:00:00]} 3. Bf4 {[%emt 0:00:00]} Bf5 {[%emt 0:00:00]} 4. e3 {[%emt 0:00:00]} e6 {[%emt 0:00:00]} 5. c4 {[%emt 0:00:00]} Bd6 {[%emt 0:03:59]} 6. Bg3 {[%emt 0:14:07] D02: 1 d4 d5 2 Nf3 sidelines, including 2...Nf6 3 g3 and 2...Nf6 3 Bf4.} Bxg3 {[%emt 0:02:14]} 7. hxg3 {[%emt 0:00:10]} Nd7 {[%emt 0:11:49]} 8. Nc3 {[%emt 0:02:24] The position is equal.} h6 {[%emt 0:00:49]} 9. Bd3 {[%emt 0:04:28]} Bxd3 {[%emt 0:03:33]} 10. Qxd3 {[%emt 0:00:09]} Ngf6 {[%emt 0:00:08] [#]} 11. b4 $146 {[%emt 0:10:54]} ({Predecessor:} 11. O-O O-O 12. Rfe1 Qc7 13. b4 Rfe8 14. Rac1 e5 15. Nd2 dxc4 16. Nxc4 Rad8 17. Red1 {1-0 (65) Ali Marandi,C (2543)-Daggupati,B (2389) Philadelphia 2021}) 11... Qe7 {[%emt 0:07:30]} 12. Rb1 {[%emt 0:07:17]} O-O {[%emt 0:07:44]} 13. O-O {[%emt 0:02:38]} dxc4 {[%emt 0:10:19]} 14. Qxc4 {[%emt 0:00:11]} e5 {[%emt 0:00:04]} 15. dxe5 {[%emt 0:07:26]} Nxe5 {[%emt 0:00:03]} 16. Qc5 {[%emt 0:00:22]} Rfe8 {[%emt 0:13:24]} 17. Rfd1 {[%emt 0:03:53]} Nxf3+ {[%emt 0:15:22]} 18. gxf3 {[%emt 0:00:10]} Qxc5 {[%emt 0:00:04]} 19. bxc5 {[%emt 0:00:08]} Re5 {[%emt 0:00:02]} (19... Rab8 $11 {keeps the balance.}) 20. Rxb7 $16 {[%emt 0:04:22]} Rxc5 {[%emt 0:00:02]} 21. Ne4 {[%emt 0:06:23] &Bianco is more active.} Nxe4 {[%emt 0:09:54]} 22. fxe4 {[%emt 0:01:15] KRR-KRR} Re5 {[%emt 0:00:10]} 23. Rdd7 {[%emt 0:00:40][%csl LRa7,LRf7]} Rf8 {[%emt 0:00:37]} 24. f3 {[%emt 0:02:44]} (24. Rxa7 $16 Rxe4 25. Kf1) 24... a5 {[%emt 0:00:06]} 25. a4 {[%emt 0:04:04]} g5 {[%emt 0:01:29][%cal Og5g4]} 26. g4 {[%emt 0:02:07][%cal Bg3g4,Bg4h5][%mdl 32]} h5 {[%emt 0:02:27]} 27. gxh5 {[%emt 0:01:43] Weighted Error Value: White=0.13 (very precise) /Black=0.14 (very precise)} 1/2-1/2

[Event "German Bundesliga 2021-22"]
[Site "Germany"]
[Date "2022.04.09"]
[Round "3.4"]
[White "Lemmers, Oscar"]
[Black "Naiditsch, Arkadij"]
[Result "0-1"]
[WhiteElo "2346"]
[BlackElo "2648"]
[Annotator "TA"]
[PlyCount "70"]
[EventDate "2022.03.05"]
[EventType "team-tourn"]
[EventCountry "GER"]
[SourceTitle "playchess.com"]
[Source "ChessBase"]
[SourceQuality "1"]
[TimeControl "40/5400+30:1800+30"]

{[%evp 9,70,75,79,59,56,26,70,25,18,20,20,-6,0,-60,-58,-44,-51,-58,-24,-39,-20,-25,-22,-46,-27,-39,0,-42,-41,-194,-180,-183,-189,-173,-134,-128,-139,-133,-152,-154,-147,-214,-140,-202,-194,-200,-205,-206,-207,-214,-208,-254,-270,-261,-250,-263,-258,-359,-353,-702,-413,-29990,-29991]} 1. e4 {[%emt 0:00:00]} e5 {[%emt 0:00:00]} 2. Nc3 {[%emt 0:00:00]} Nc6 {[%emt 0:00:00]} 3. f4 {[%emt 0:00:00]} exf4 {[%emt 0:00:00]} 4. d4 {[%emt 0:00:00]} g5 {[%emt 0:01:53]} 5. h4 {[%emt 0:00:25]} Bg7 {[%emt 0:00:22]} 6. hxg5 {[%emt 0:00:57] [#] Nf3 is the strong threat. C25: Vienna Game: Alternatives to 2...Nf6.} Nxd4 $146 {[%emt 0:05:30]} ({Predecessor:} 6... Qxg5 7. Nge2 Qa5 8. Bd2 Qb4 9. Nd5 Qxb2 10. Nxc7+ Kd8 11. Bc3 Qa3 12. Nxa8 d6 {1-0 (19) Tokarev,E (1530)-Gyongyosi,P (914) LSS email 2010}) 7. Nh3 {[%emt 0:05:32]} Ne6 {[%emt 0:07:43]} 8. Bc4 {[%emt 0:08:26] White is slightly better.} d6 {[%emt 0:07:22]} 9. Qh5 {[%emt 0:06:01]} Ne7 $1 10. Bxf4 {[%cal Oe4e5]} Ng6 {[%emt 0:09:07] Against e5} 11. Bh2 {[%emt 0:16:46]} (11. Be3 $11) 11... h6 $15 {[%emt 0:07:23]} 12. gxh6 {[%emt 0:03:38]} Rxh6 {[%emt 0:01:08]} 13. Qf3 {[%emt 0:03:57]} Ne5 {[%emt 0:22:08]} 14. Bxe5 {[%emt 0:02:10]} Bxe5 {[%emt 0:03:37]} 15. O-O-O {[%emt 0:13:12]} ({But not} 15. O-O $2 Bd4+ 16. Rf2 Bxf2+ 17. Qxf2 Qh4 $19) 15... c6 {[%emt 0:00:52] Inhibits Nd5.} 16. Rhf1 {[%emt 0:02:56][%csl Gf1][%cal Rf3f7]} Qe7 {[%emt 0:04:24]} 17. Ne2 {[%emt 0:09:46]} Bd7 {[%emt 0:01:04]} 18. Ng3 {[%emt 0:00:49] And now Nf5 would win.} Ng5 {[%emt 0:07:53]} 19. Qe3 {[%emt 0:06:48] This move loses the game for White.} (19. Nxg5 $15 Qxg5+ 20. Kb1) 19... Bxh3 $19 {[%emt 0:02:19]} 20. gxh3 {[%emt 0:02:14]} Rxh3 {[%emt 0:00:19]} 21. Rg1 {[%emt 0:00:42]} d5 {[%emt 0:07:05]} 22. Bf1 {[%emt 0:03:23]} Rxg3 {[%emt 0:02:59] &Nero is more active.} 23. Rxg3 {[%emt 0:00:09]} Bxg3 {[%emt 0:00:06]} 24. Qxg3 {[%emt 0:00:05]} Nxe4 {[%emt 0:01:17]} 25. Qh3 {[%emt 0:04:08]} (25. Qg8+ $17 Qf8 26. Qg4) 25... Rd8 {[%emt 0:02:53]} 26. Re1 {[%emt 0:02:33] [#]} (26. Bd3 $17) 26... Rd6 $1 {[%emt 0:01:56]} ({Worse is} 26... Qe5 27. Bd3 $17) 27. Bd3 {[%emt 0:04:11]} Re6 {[%emt 0:01:21]} 28. Rg1 {[%emt 0:00:26]} Kd8 {[%emt 0:01:28]} 29. Qh2 {[%emt 0:01:02]} Nd6 {[%emt 0:00:42] ( -> ...Re1+)} 30. b3 {[%emt 0:01:35]} Re1+ {[%emt 0:00:42]} 31. Rxe1 {[%emt 0:00:05]} Qxe1+ {[%emt 0:00:03]} 32. Kb2 {[%emt 0:00:05]} Kc7 {[%emt 0:00:35]} 33. c4 {[%emt 0:01:52]} d4 {[%emt 0:00:46][%cal Bd5d4,Bd4d3][%mdl 32] Threatens to win with ...Qc3+.} 34. Bh7 $2 {[%emt 0:01:34]} (34. Qc2) 34... c5 {[%emt 0:00:33] Hoping for ...Qc3+.} 35. Bg8 {[%emt 0:00:44] [#]} (35. Qc2 $19) 35... d3 {[%emt 0:00:52] Weighted Error Value: White=0.70/Black=0.17 (very precise)} 0-1